Frequently asked questions about budgeting and money management (Record no. 254043)

MARC details
000 -LEADER
fixed length control field 00316nam a2200097Ia 4500
082 ## - DEWEY DECIMAL CLASSIFICATION NUMBER
Classification number T 332.024 MONT
008 - FIXED-LENGTH DATA ELEMENTS--GENERAL INFORMATION
fixed length control field 210817s9999 xx 000 0 und d
100 ## - MAIN ENTRY--PERSONAL NAME
Personal name MONTEVERDE, Matthew New York, NY, 2009 1st ed
9 (RLIN) 76393
245 #0 - TITLE STATEMENT
Title Frequently asked questions about budgeting and money management
942 ## - ADDED ENTRY ELEMENTS
item type Books
Holdings
Withdrawn status Lost status Damaged status Not for loan Home library Current library Date acquired Cost, normal purchase price Total Checkouts Barcode Date last seen Price effective from item type
        eMalahleni Main PL (MMID-PLEM) eMalahleni Main PL (MMID-PLEM) 18.08.2021 280.00   33228022617953 18.08.2021 18.08.2021 Books